Robe- Guerrero - Estadísticas

Estadísticas generales
  • Esta prueba ha sido intentada 43 veces
  • La puntuación promedio es 255 de 345
Estadísticas de respuestas
Respuesta % Correcto
guerrero
100%
buen
95%
Estrofa- | Puente- Como
95%
de
95%
está
95%
esta
95%
me
95%
para
95%
que
95%
Que
95%
si
95%
95%
y
95%
Y
95%
a
90%
el
90%
en
90%
la
90%
mi
90%
no
90%
por
90%
se
90%
ser
90%
sin
90%
te
90%
al
85%
cielo
85%
con
85%
este
85%
fue
85%
Fue
85%
he
85%
luz
85%
quiero
85%
sincero
85%
su
85%
tan
85%
azul
80%
del
80%
Del
80%
echo
80%
menos
80%
nunca
80%
sueño
80%
tengo
80%
un
80%
Estrofa- Yo
80%
bledo
75%
cuando
75%
dedos
75%
dejen
75%
entre
75%
ha
75%
importa
75%
las
75%
lo
75%
los
75%
mar
75%
miedo
75%
mirar
75%
solo
75%
todo
75%
ver
75%
agua
70%
amor
70%
avisar
70%
boca
70%
conmigo
70%
contra
70%
enemigo
70%
estar
70%
hasta
70%
hemos
70%
llegar
70%
Llegar
70%
luchar
70%
matadero
70%
mejor
70%
ni
70%
Olimpo
70%
pasar
70%
pelo
70%
pierdo
70%
puedo
70%
ruido
70%
sale
70%
sido
70%
venido
70%
vivo
70%
vuelve
70%
acaricio
65%
acaso
65%
amanecer
65%
ayer
65%
bailando
65%
buscar
65%
claudicar
65%
compás
65%
después
65%
fuego
65%
gota
65%
haciéndole
65%
hay
65%
hoy
65%
mueven
65%
ojos
65%
olas
65%
orilla
65%
porque
65%
presentar
65%
rendido
65%
robé
65%
sea
65%
soñar
65%
tiempo
65%
última
65%
va
65%
voy
65%
vuelto
65%
vuelvo
65%
batalla
60%
cada
60%
consuelo
60%
dar
60%
dejar
60%
desfiladero
60%
Preestribillo- Iba
60%
iba
60%
oyendo
60%
perdido
60%
pienso
60%
robar
60%
siente
60%
sirva
60%
sus
60%
talla
60%
Estrofa- Vente
60%
vive
60%
dándole
55%
darlo
55%
dejando
55%
hacerle
55%
infierno
55%
marejadilla
55%
Estribillo- Puede
55%
volver
55%
bien
50%
calor
50%
Crepitándome
50%
crepitándome
50%
os
50%
oyéndole
50%
50%
buscando
45%
estándome
45%
haciéndome
45%
invierno
45%
Ir
45%
Niego
45%
Saber
45%
apurar
40%
corazón
40%
doy
40%
aquí
35%
ardiéndome
35%
dentro
35%
plantar
30%
pues
30%
Preestribillo- Sigue
30%
sigue
30%
No se encontraron pruebas coincidentes
Distribución de puntuación
Porcentaje de gente con cada puntuación
Porcentaje por número respondido
Historial de tus puntuaciones
No has intentado esta prueba.